[Event "HUN-chT U18"]
[Site "Miskolc"]
[Date "2008.10.30"]
[Round "7.12"]
[White "Mike, Peter"]
[Black "Toth, Gergely"]
[Result "0-1"]
[WhiteElo "1986"]
[BlackElo "2071"]
[PlyCount "71"]
[EventDate "2008.10.27"]
[EventType "team-swiss"]
[EventRounds "8"]
[EventCountry "HUN"]
[SourceTitle "EXT 2016"]
[Source "ChessBase"]
[SourceDate "2015.10.08"]
[SourceVersion "1"]
[SourceVersionDate "2015.10.08"]
[SourceQuality "1"]

1. d4 Nf6 2. e3 e6 3. Bd3 c5 4. c3 b6 5. Ne2 Ba6 6. 0-0 Bxd3 7. Qxd3 d5 8. f3 Be7 9. e4 0-0 10. e5 Nfd7 11. Be3 f6 12. Nf4 Qc8 13. Nxe6 Nxe5 14. Qf5 Nc4 15. Bc1 Qd7 16. b3 Na5 17. Qg4 Rf7 18. Nf4 f5 19. Qg3 Nbc6 20. dxc5 bxc5 21. Qe1 Bd6 22. Nxd5 Bxh2+ 23. Kxh2 Qxd5 24. Qd2 Qe6 25. Re1 Ne5 26. c4 Nac6 27. Bb2 Rd7 28. Qe3 f4 29. Qc3 Rd3 30. Qc1 Nxf3+ 31. gxf3 Qh6+ 32. Kg2 Qg5+ 33. Kf1 Rxf3+ 34. Ke2 Re8+ 35. Kd1 Rd3+ 36. Kc2 0-1